|
|
|
|
| LEADER |
00000nam a22000007a 4500 |
| 005 |
20130712150656.0 |
| 007 |
cr|||| ||| |
| 008 |
130712c20099999mx |||| s|||| 0||| 1spa d |
| 035 |
|
|
|a 5624
|
| 040 |
|
|
|a vLex
|
| 090 |
|
|
|c 4455
|d 4455
|
| 245 |
0 |
0 |
|a Proceso
|h [Recurso electrn̤ico]
|
| 256 |
|
|
|a Servicio en ln̕ea
|
| 260 |
|
|
|a Mx̌ico D.F:
|b Proceso,
|c 2009 -
|
| 300 |
|
|
|a 1 recurso electrn̤ico
|
| 310 |
|
|
|a Semanal
|
| 362 |
|
|
|a Nm︢. 1 (2009) -
|
| 506 |
1 |
|
|a Contenido solo disponible en los productos indicados
|d vLex Global
|d vLex Global (Academic Edition, excluding Law Schools)
|d vLex Global (U.S. Academic Edition, Law Schools)
|d vLex Global (U.S. Academic Edition, excluding Law Schools)
|d vLex Global (Academic Edition, Law Schools)
|
| 650 |
0 |
4 |
|a Interš general
|x Perid̤icos
|z Mx̌ico
|
| 740 |
0 |
|
|a vLex Revistas (Servicio en ln̕ea)
|
| 856 |
4 |
0 |
|u http://vlex.com/source/proceso-semanario-informacion-analisis-5624/section/02
|z Accesor estringido
|
| 942 |
|
|
|c REV
|